Inflation targeting and the European Central Bank

Saved in:
Bibliographic Details
Main Author: Artis, Michael J.
Other Authors: Kontolemis, Zenon G.
Format: Book
Language:English
Published: San Domenico (FI) European University Institute 1998
Series:EUI Working paper ECO No. 98/4
Subjects:
Tags: Add Tag
No Tags, Be the first to tag this record!

MARC

LEADER 00000nam a2200000 4500
001 c133313
005 20221109093724.7
041 0 |a eng 
044 |a IT 
245 1 0 |a Inflation targeting and the European Central Bank  |c Michael J. Artis and Zenon G. Kontolemis 
264 1 |a San Domenico (FI)  |b European University Institute  |c 1998 
300 |a 35 s. 
490 1 |a EUI Working paper ECO  |v No. 98/4 
830 0 |a EUI Working paper ECO  |v No. 98/4 
610 2 0 |a inflácia 
610 2 0 |a miera inflácie 
610 2 0 |a banky centrálne 
610 2 0 |a Európska centrálna banka 
610 2 0 |a modely ekonomicko-matematické 
100 1 |a Artis, Michael J. 
700 1 |a Kontolemis, Zenon G.